All 1M+ Cities in Southeast Asia on a Map - Statistics

General Stats
  • This quiz has been taken 963 times
  • The average score is 20 of 31
Answers on the Map
Answers color-coded by a green-red scale on the quiz's map according to % correct below.
 
Answer Stats
Population Country % Correct
17,066,000 Bangkok
98%
6,576,000 Hanoi
98%
23,088,000 Manila
98%
34,540,000 Jakarta
97%
13,312,000 Ho Chi Minh City
96%
8,285,000 Kuala Lumpur
96%
5,745,000 Singapore
96%
6,314,000 Yangon
91%
2,177,000 Phnom Penh
88%
6,499,000 Surabaya
84%
7,065,000 Bandung
82%
1,058,000 Vientiane
81%
2,275,000 Cebu City
78%
3,632,000 Medan
75%
1,633,000 Mandalay
72%
1,389,000 Denpasar
70%
1,430,000 Da Nang
68%
1,222,000 Davao City
66%
1,952,000 Makassar
53%
1,568,000 Yogyakarta
48%
1,889,000 Palembang
46%
1,981,000 Johor Bahru
45%
1,992,000 Semarang
43%
1,623,000 Hai Phong
39%
1,390,000 Pattaya-Chon Buri
35%
1,362,000 Batam
32%
1,320,000 Penang
32%
1,106,000 Surakarta
29%
1,493,000 Malang
26%
1,118,000 Pekanbaru
25%
1,017,000 Cirebon
18%
No matching quizzes found
Score Distribution
Percent of People with Each Score
Percentile by Number Answered
Your Score History
You have not taken this quiz